History of economic thought : (Record no. 27467)

MARC details
000 -LEADER
fixed length control field 00697cam a22002295a 4500
005 - DATE AND TIME OF LATEST TRANSACTION
control field 20190703104428.0
008 - FIXED-LENGTH DATA ELEMENTS--GENERAL INFORMATION
fixed length control field 020219t2002 nyua frb 001 0 eng d
020 ## - INTERNATIONAL STANDARD BOOK NUMBER
International Standard Book Number 0765606070
020 ## - INTERNATIONAL STANDARD BOOK NUMBER
International Standard Book Number 9780765606075
040 ## - CATALOGING SOURCE
Original cataloging agency DLC
Transcribing agency DLC
Modifying agency DLC
-- EG-ScBUE
Language of cataloging eng
082 04 - DEWEY DECIMAL CLASSIFICATION NUMBER
Classification number 330.09
Edition number 22
Item number HUN
100 1# - MAIN ENTRY--PERSONAL NAME
Personal name Hunt, E. K.
245 10 - TITLE STATEMENT
Title History of economic thought :
Remainder of title a critical perspective /
Statement of responsibility, etc E.K. Hunt.
250 ## - EDITION STATEMENT
Edition statement 2nd, updated ed.
260 ## - PUBLICATION, DISTRIBUTION, ETC. (IMPRINT)
Place of publication, distribution, etc Armonk, N.Y. :
Name of publisher, distributor, etc M.E. Sharpe,
Date of publication, distribution, etc c.2002.
300 ## - PHYSICAL DESCRIPTION
Extent xxii, 543 p. :
Other physical details ill. ;
Dimensions 24 cm.
504 ## - BIBLIOGRAPHY, ETC. NOTE
Bibliography, etc Includes bibliographical references and index.
650 #7 - SUBJECT ADDED ENTRY--TOPICAL TERM
Topical term or geographic name as entry element Economics
General subdivision History.
Source of heading or term BUEsh
651 ## - SUBJECT ADDED ENTRY--GEOGRAPHIC NAME
Source of heading or term BUEsh
653 ## - INDEX TERM--UNCONTROLLED
Resource For college BAEPS, Economics
Arrived date list May2019
942 ## - ADDED ENTRY ELEMENTS (KOHA)
Source of classification or shelving scheme Dewey Decimal Classification
Holdings
Withdrawn status Item status Source of classification or shelving scheme Damaged status Not for loan Home library Current library Shelving location Date acquired Source of acquisition Total Checkouts Total Renewals Full call number Barcode Checked out Date last seen Date last borrowed Koha item type
    Dewey Decimal Classification     Central Library Central Library First floor 20/05/2019 Donation 1 1 330.09 HUN 000044667 17/09/2023 03/08/2023 03/08/2023 Book - Borrowing